Chelsea Squad 2023/2024 - Statistics

General Stats
  • This quiz has been taken 5 times
  • The average score is 42 of 54
Answer Stats
Position Country Number Answer % Correct
CB France 5 Badiashile
100%
GK England 13 Bettinelli
100%
ST Albania 19 Broja
100%
CDM Ecuador 25 Caicedo
100%
CM Italy 31 Casadei
100%
CB England 14 Chalobah
100%
LB England 21 Chilwell
100%
CB England 26 Colwill
100%
LB Spain 3 Cucurella
100%
CB France 2 Disasi
100%
CM Argentina 8 Fernandez
100%
CB France 33 Fofana
100%
CM England 23 Gallagher
100%
RB France 27 Gusto
100%
ST Senegal 15 Jackson
100%
RB England 24 James
100%
CDM Belgium 45 Lavia
100%
LB Netherlands 29 Maatsen
100%
RW England 11 Madueke
100%
LW Ukraine 10 Mudryk
100%
CAM France 18 Nkunku
100%
CAM England 20 Palmer
100%
GK Serbia 28 Petrovic
100%
GK Spain 1 Sanchez
100%
CM Brazil 20 Santos
100%
CB Brazil 6 Silva
100%
LW England 7 Sterling
100%
RB England 63 Acheampong
75%
GK Finland 47 Bergstrom
75%
CAM England 17 Chukwuemeka
75%
LW England 67 George
75%
LM Portugal 43 Moreira
75%
CDM France 16 Ugochukwu
75%
GK Wales 50 Beach
50%
CB England 44 Brooking
50%
ST England 37 Burstow
50%
CAM England 54 Castledine
50%
GK England 40 Curd
50%
CM England 78 Dyer
50%
CB England 56 Gee
50%
CB England 42 Gilchrist
50%
CM England 68 Golding
50%
CDM England 79 Harrison
50%
CB England 48 Humphreys
50%
CM England 52 Matos
50%
GK England 60 Merrick
50%
CB England 73 Murray-Campbell
50%
LB England 53 Samuels-Smith
50%
GK England 38 Sharman-Lowe
50%
LB England 46 Sturge
50%
ST England 62 Stutter
50%
CM Finland 49 Tauriainen
50%
CF Brazil 36 Washington
50%
LB England 51 Williams
50%
No matching quizzes found
Score Distribution
Percent of People with Each Score
Percentile by Number Answered
Your Score History
You have not taken this quiz